Mobile Learning (Record no. 27603)
[ view plain ]
| 000 -LEADER | |
|---|---|
| fixed length control field | 00732nam a2200121Ia 4500 |
| 008 - FIXED-LENGTH DATA ELEMENTS--GENERAL INFORMATION | |
| fixed length control field | 220620s9999||||xx |||||||||||||| ||und|| |
| 100 ## - MAIN ENTRY--PERSONAL NAME | |
| Personal name | Uther, Maria |
| 245 #0 - TITLE STATEMENT | |
| Title | Mobile Learning |
| 546 ## - LANGUAGE NOTE | |
| Language note | English[eng] |
| 650 ## - SUBJECT ADDED ENTRY--TOPICAL TERM | |
| Topical term or geographic name entry element | subjective perception||smartphone||digital capabilities||achievement||3-level evaluation framework||instructional approaches||technology integration||FRAME model||digital literacy||mobile technologies||m-learning||language learning||iPads||meta-analysis||higher education||systematic review||audio interaction||mobile learning||English language teaching||mobile device||diffusion of models||educational technologies||mobile devices||attitude |
| 856 ## - ELECTRONIC LOCATION AND ACCESS | |
| Uniform Resource Identifier | <a href="https://mdpi.com/books/pdfview/book/1182">https://mdpi.com/books/pdfview/book/1182</a> |
| 942 ## - ADDED ENTRY ELEMENTS (KOHA) | |
| Koha item type | E-Books |
| Withdrawn status | Lost status | Damaged status | Not for loan | Home library | Current library | Date acquired | Total Checkouts | Date last seen | Price effective from | Koha item type |
|---|---|---|---|---|---|---|---|---|---|---|
| Kerala University of Digital Sciences, Innovation and Technology Knowledge Centre | Kerala University of Digital Sciences, Innovation and Technology Knowledge Centre | 20/06/2022 | 20/06/2022 | 20/06/2022 | E-Books |